Imię męskie zakończone na literę "K". - Statystyki

Ogólne statystyki
  • Ten quiz został rozwiązany 46 razy
  • Średni wynik to 2 z 7
Statystyki odpowiedzi
Hint Odpowiedź % Poprawnych
1. Marek
95%
3. Darek
38%
4. Piotrek
21%
6. Tadek
7%
2. Kazik
5%
7. Szymek
5%
5. Władek
2%
Nie znaleziono quizów pasujących do podanych kryteriów
Rozkład punktacji
Procent ludzi z każdym wynikiem
Percentyl według liczby udzielonych odpowiedzi
Twoja historia wyników
Nie rozwiązałeś tego quizu